| 000 | 00403nam a22001457a 4500 | ||
|---|---|---|---|
| 005 | 20250722175007.0 | ||
| 008 | 250722b |||||||| |||| 00| 0 eng d | ||
| 020 | _a0310331900 | ||
| 050 |
_aREF BS440 _bNEW |
||
| 100 | _aDOUGLAS J. D. | ||
| 245 | _aTHE NEW INTERNATIONAL DICTIONARY OF THE BIBLE | ||
| 260 |
_aGRAND RAPIDS _bREGENCY REFERENCE LIBRARY _c1987 |
||
| 300 | _axix, 1163p | ||
| 942 |
_2lcc _cBK _n0 |
||
| 999 |
_c7104 _d7104 |
||